BHARAT KE PRAMUKH VIGYANACHARYA (Record no. 8573)

MARC details
000 -LEADER
fixed length control field 00421nam a22001457a 4500
005 - DATE AND TIME OF LATEST TRANSACTION
control field 20240708132223.0
008 - FIXED-LENGTH DATA ELEMENTS--GENERAL INFORMATION
fixed length control field 240708b |||||||| |||| 00| 0 eng d
020 ## - INTERNATIONAL STANDARD BOOK NUMBER
ISBN 978-93-85256-30-1
041 ## - LANGUAGE CODE
Language code of text/sound track or separate title eng
100 ## - MAIN ENTRY--AUTHOR NAME
Personal name SINHA, DR. HIMMAT SINGH & RAWAL, NARENDRAJEET SINGH
245 ## - TITLE STATEMENT
Title BHARAT KE PRAMUKH VIGYANACHARYA
260 ## - PUBLICATION, DISTRIBUTION, ETC. (IMPRINT)
Place of publication KURUKSHETRA
Name of publisher VIDYA BHARTI SANSKRITI SHIKSHA SANSTHAN
300 ## - PHYSICAL DESCRIPTION
Number of Pages 96;P
942 ## - ADDED ENTRY ELEMENTS (KOHA)
Koha item type Books
Holdings
Lost status Damaged status Home library Current library Shelving location Date acquired Source of acquisition Cost, normal purchase price Accession Number Koha item type
    JRU Library JRU Library SHELF-44-L 08/07/2024 PURCHASE 70.00 28282 Books
    JRU Library JRU Library SHELF-44-L 08/07/2024 PURCHASE 70.00 28283 Books